Statistics for harry potter ultimate first name game

Click here to take the quiz!

General Stats

  • This quiz has been taken 157 times
  • The average score is 22 of 34

Answer Stats

HintAnswer% Correct
potterharry
100%
potterjames
100%
weasleyginny
99%
potterlily
99%
weasleyron
99%
weasleyarthur
98%
weasleybill
98%
weasleyfred
98%
weasleygeorge
98%
weasleymolly
98%
weasleypercy
97%
weasleycharlie
95%
malfoydraco
84%
riddletom Junior
83%
riddletom senior
83%
lestrangebellatrix
80%
malfoylucius
79%
longbottomfrank
77%
grangerhermione
77%
malfoynarcissa
76%
karkaroffigor
69%
gauntmarvolo
64%
blackregulus
64%
tonksted
64%
tonksandromeda
55%
lestrangerodolphus
48%
crouchbarty junior
12%
crouchbarty senior
12%
blacksirus
10%
krumvictor
9%
delacourfleur
6%
tonksnympfadora
4%
longbottomnevlle
1%
longbottomalace
0%

Score Distribution

Percentile by Number Answered

Percent of People with Each Score

Your Score History

You have not taken this quiz